[Event "O2C Doeberl Cup 2019"]
[Site "Canberra"]
[Date "2019.04.19"]
[Round "4.3"]
[White "Puccini, Jack"]
[Black "Sengupta, Deep"]
[Result "0-1"]
[WhiteElo "2261"]
[BlackElo "2551"]
[Annotator "TA"]
[PlyCount "134"]
[EventDate "2019.04.17"]
[EventType "swiss"]
[EventCountry "AUS"]
[SourceTitle "playchess.com"]
[Source "ChessBase"]
[SourceQuality "1"]

{[%evp 15,134,0,0,0,0,0,0,0,0,0,0,19,19,5,72,67,102,95,108,106,134,133,133,124,147,160,179,31,45,42,39,31,31,36,37,34,41,0,0,-1,-19,-24,0,0,0,-18,-18,-18,-18,-18,-18,-18,-18,-42,-49,-182,-179,-161,-8,-8,-8,-97,-97,-97,-97,-97,-97,-97,-97,-93,-97,-94,-93,-156,-111,-111,0,-156,-110,-394,-45,-156,-156,-156,-156,-156,-156,-156,-156,-156,-156,-156,-156,-156,-156,-156,0,0,0,-29976,-29977,-29977,-29978,-29978,-29979,-29979,-29978,-29980,-29981,-29981,-29982,-29982,-29983,-29982,-29983,-29983,-29984,-29985,-29986,-29986,-29987]} 1. e4 e6 2. d4 d5 3. Nc3 Bb4 4. e5 c5 5. a3 Bxc3+ 6. bxc3 Qa5 7. Bd2 Qa4 8. Qg4 Kf8 $1 9. Qd1 {C18: French: 3 Nc3 Bb4: Main line: 7 h4 and 7 Qg4} (9. h4 Nc6 10. h5 h6 11. Qd1 cxd4 12. Nf3 dxc3 13. Bxc3 g5 14. hxg6 Qe4+ 15. Be2 Qxg6 16. Qd2 Nge7 17. Bd3 Qxg2 18. Ke2 Qg4 19. Rh4 Qg7 20. Rg1 Ng6 21. Rf4 Nce7 22. Bb4 a5 23. Rxg6 {1-0 (23) Caruana,F (2804)-Lenderman,A (2599) Saint Louis 2018}) 9... b6 10. dxc5 bxc5 11. Rb1 {The position is equal.} Nd7 12. Nf3 Ba6 13. Bxa6 Qxa6 14. Qe2 $36 {[%mdl 2048] White is more active.} Qc8 $146 (14... c4 $11) ({Predecessor:} 14... Qc6 15. O-O Ne7 16. c4 Re8 17. cxd5 exd5 {1-0 (32) Golubev,R (2380)-Shubin,K (2244) Moscow 2017}) 15. c4 $16 Ne7 16. cxd5 Nxd5 17. c4 N5b6 18. O-O h6 19. Bc3 Qa6 20. Nd2 g6 21. Ne4 (21. Rfd1 $18) 21... Qxc4 $14 22. Qxc4 Nxc4 23. Rb7 Ndb6 $1 24. Nxc5 Nd5 25. Rc1 Kg8 26. Nd7 Kg7 27. Bd4 Rhc8 28. Rxa7 Rxa7 (28... Nxa3 {is interesting.} 29. Rxc8 Rxc8 30. Bc5 Nb5 31. Rb7 Nbc3) 29. Bxa7 Nf4 {White must now prevent ...Ne2+.} 30. Rd1 (30. Rc2 {seems wilder.} Rd8 31. Rxc4 Rxd7 32. h4 Rxa7 33. Rxf4 Rxa3 34. Re4) 30... Nxa3 31. g3 Nd5 {Threatens to win with ...Rc7.} 32. Nb6 Nxb6 33. Bxb6 $11 {[%mdl 4096] Endgame KRB-KRN} Nc4 34. Bd4 Rd8 35. f4 (35. Kf1 $15) 35... g5 $1 $19 36. Kf2 g4 $2 (36... Kg6 $19 37. fxg5 hxg5) 37. Ke2 $11 Kg6 38. Bc3 (38. Rd3 $11) 38... Rxd1 $17 39. Kxd1 {KB-KN} Kf5 40. Ke2 Ke4 41. Bb4 Ne3 42. Bc5 Nd5 43. Bf8 h5 44. Bc5 (44. Kf2 $142) 44... Nc3+ 45. Kf2 Nd5 46. Ke2 $1 {[#]} h4 $1 {[%mdl 512]} 47. Ba7 $2 {[%mdl 8192]} (47. Bg1 $17) (47. gxh4 Nxf4+) 47... h3 $2 (47... Nc3+ $19 48. Kf2 h3) 48. Bc5 (48. Bg1 $1 $15) 48... Nc3+ $1 49. Kf2 Kd3 {...Ne4+ is the strong threat.} 50. Ba7 Ne4+ 51. Kf1 Nd2+ 52. Kg1 Ke2 53. Bb6 Ne4 54. Ba7 Kf3 55. Bb6 Nxg3 $2 (55... Nd2 $17 56. Ba5 Nb3) 56. hxg3 $11 Kxg3 $17 {And now ...h2+ would win. KB-KP} 57. Bd4 $2 {[%mdl 8192]} (57. Bf2+ $11 Kxf4 58. Bd4) 57... h2+ $1 {Black mates.} 58. Kh1 Kh3 59. Bf2 g3 60. Bxg3 Kxg3 {K3P-KPP} 61. f5 Kf4 ({Not} 61... exf5 62. e6 $1 $11 {[%mdl 512]}) 62. fxe6 fxe6 63. Kxh2 Kxe5 {KP-K} 64. Kg3 Kd4 65. Kf2 Kd3 66. Kf3 e5 67. Kf2 {[#]} e4 $1 {Accuracy: White = 51%, Black = 66%.} 0-1

[Event "O2C Doeberl Cup 2019"]
[Site "Canberra"]
[Date "2019.04.19"]
[Round "4.4"]
[White "Bjelobrk, Igor"]
[Black "Tao, Trevor"]
[Result "1/2-1/2"]
[WhiteElo "2386"]
[BlackElo "2364"]
[Annotator "TA"]
[PlyCount "69"]
[EventDate "2019.04.17"]
[EventType "swiss"]
[EventCountry "AUS"]
[SourceTitle "playchess.com"]
[Source "ChessBase"]
[SourceQuality "1"]

{[%evp 13,69,30,32,26,28,24,25,31,21,18,27,25,21,21,44,43,57,57,50,50,59,58,52,48,58,58,58,62,58,52,52,60,62,10,10,8,30,28,16,0,0,0,6,0,0,0,0,0,0,0,0,0,0,0,0,0,22,48]} 1. d4 Nf6 2. c4 c6 3. Nc3 d5 4. cxd5 cxd5 5. Bf4 Nc6 6. e3 e6 7. Bd3 Be7 8. Rc1 {D10: Slav Defence: 3 cxd5 (without early Nf3) and 3 Nc3} O-O 9. h3 Bd6 10. Bxd6 {White has an edge.} Qxd6 11. Nf3 Bd7 12. O-O Rfc8 13. a3 (13. Qd2 a6 14. e4 dxe4 15. Nxe4 Nxe4 16. Bxe4 Nd8 17. d5 e5 18. Qg5 f6 {0-1 (43) Adhiban,B (2666)-Malakhov,V (2713) Doha 2016}) 13... Na5 $146 ({Predecessor:} 13... Be8 14. Qe2 a6 15. Rfd1 b5 16. e4 dxe4 17. Nxe4 Qe7 18. Nxf6+ Qxf6 19. Be4 Rab8 20. d5 exd5 21. Bxd5 {½-½ (21) Kalinitschew,S (2489)-Kuczynski,R (2483) Germany 2008}) 14. Qe2 Nc4 15. e4 dxe4 16. Nxe4 Nxe4 17. Bxe4 Na5 $1 18. Rc5 Rxc5 19. dxc5 Qxc5 {[#]} 20. Bxh7+ $1 {[%mdl 576] Decoy} Kxh7 21. Qd3+ {[%mdl 64] Double Attack} Kg8 {...Bb5 is the strong threat.} 22. Qxd7 Qc6 23. Qe7 (23. Rd1 $14) 23... Re8 $11 24. Qh4 {Black should prevent Ng5.} Qd5 25. Ng5 {[#] Hoping for Qh7+.} Qf5 26. Rd1 {The position is equal.} Nc6 27. Ne4 e5 28. Rd6 Re6 29. Rd7 Re7 30. Rxe7 Nxe7 31. Qxe7 Qxe4 32. Qe8+ Kh7 33. Qxf7 Qb1+ 34. Kh2 Qxb2 35. Qh5+ {Accuracy: White = 71%, Black = 76%.} 1/2-1/2

[Event "O2C Doeberl Cup 2019"]
[Site "Canberra"]
[Date "2019.04.19"]
[Round "4.5"]
[White "Ikeda, Junta"]
[Black "Song, Raymond"]
[Result "0-1"]
[WhiteElo "2441"]
[BlackElo "2329"]
[Annotator "TA"]
[PlyCount "69"]
[EventDate "2019.04.17"]
[EventType "swiss"]
[EventCountry "AUS"]
[SourceTitle "playchess.com"]
[Source "ChessBase"]
[SourceQuality "1"]

{[%evp 9,69,10,5,9,8,12,10,0,0,0,0,0,0,0,0,0,0,0,0,0,1,-9,0,-20,0,-26,-30,-29,-29,-52,-18,-73,-53,-75,-70,-110,-116,-106,-103,-104,-100,-137,-111,-281,-274,-270,-241,-229,-242,-272,-158,-163,-110,-157,-129,-165,-160,-158,-152,-152,-136,-141]} 1. c4 Nf6 2. Nc3 e6 3. Nf3 d5 4. e3 dxc4 (4... c5 5. cxd5 exd5 6. d4 c4 7. Ne5 Nc6 8. b3 cxb3 9. Bb5 Bd7 10. Qxb3 a6 11. Bd3 Bd6 12. f4 Na5 13. Qb1 b5 {1-0 (86) Wei,Y (2733)-Safarli,E (2662) Astana 2019}) 5. Bxc4 a6 6. O-O {A17: English Opening: 1...Nf6 with ...Bb4} b5 7. Be2 Bb7 8. Ne5 $146 {The position is equal.} ({Predecessor:} 8. b3 Nbd7 9. Bb2 c5 10. Rc1 Be7 11. a4 b4 12. Nb1 {1-0 (51) Lysyj,I (2630)-Fakhrutdinov,T (2460) Yaroslavl 2018}) 8... Nbd7 9. Bf3 Bxf3 10. Nxf3 c5 11. b3 Be7 12. Bb2 O-O 13. Qe2 Qb6 14. d3 Rfd8 15. Rad1 Rac8 16. Nd2 h6 17. Kh1 Nd5 18. Nxd5 exd5 19. e4 Bf6 20. Bxf6 (20. e5 $1 $11 Be7 21. f4) 20... Qxf6 $17 21. f4 dxe4 22. dxe4 Qb2 23. e5 c4 24. bxc4 bxc4 {Hoping for ...c3.} 25. e6 Nf6 {[#] ...c3 is the strong threat.} 26. exf7+ $2 (26. Rfe1 $17 c3 27. exf7+ Kh7 28. f8=Q (28. Qe5 $2 Qc2 $19 {[%mdl 64] Pin}) 28... Rxf8 29. Nf3) 26... Kxf7 $19 {And now ...c3 would win.} 27. f5 {and if Qe6+ works, White does fine.} Re8 28. Qf3 Kg8 ({Don't do} 28... Qxa2 29. Qb7+ Kf8 30. Nf3 $17) 29. h3 Qxa2 ({Black should try} 29... c3 $19 30. Nb3 c2) 30. Nb1 $17 Qc2 (30... a5 $19 31. Nc3 Qa3) 31. Rc1 Qe4 32. Qg3 Qd3 {Black is clearly better.} 33. Rf3 Qd4 34. Nc3 Qd7 35. Qf2 {Accuracy: White = 37%, Black = 66%.} 0-1

[Event "O2C Doeberl Cup 2019"]
[Site "Canberra"]
[Date "2019.04.19"]
[Round "4.6"]
[White "Winkelman, Albert"]
[Black "Melkumyan, Hrant"]
[Result "0-1"]
[WhiteElo "2212"]
[BlackElo "2658"]
[Annotator "TA"]
[PlyCount "42"]
[EventDate "2019.04.17"]
[EventType "swiss"]
[EventCountry "AUS"]
[SourceTitle "playchess.com"]
[Source "ChessBase"]
[SourceQuality "1"]

{[%evp 18,42,43,44,54,66,59,56,55,51,60,51,54,45,44,41,33,0,-11,-47,-43,-83,-41,-471,-480,-610,-608]} 1. e4 c5 2. Nf3 Nc6 3. d4 cxd4 4. Nxd4 g6 5. c4 Nf6 6. Nc3 d6 7. f3 Nxd4 8. Qxd4 Bg7 9. Be3 O-O 10. Qd2 a5 {B36: Sicilian: Maroczy Bind: Gurgenidze System} 11. b3 Nd7 (11... Bd7 12. Be2 Bc6 13. O-O Nd7 14. Rab1 Nc5 15. a3 Ne6 16. Nd5 Bxd5 17. cxd5 Nc5 18. Bxc5 dxc5 19. a4 f5 20. exf5 Rxf5 21. f4 Kh8 22. Bc4 e6 {1-0 (60) Jakovenko,D (2735)-Melkumyan,H (2670) St Petersburg 2018}) 12. Rc1 Nc5 {White is slightly better.} 13. Be2 Bd7 14. O-O Bc6 15. Qc2 e6 16. Rfd1 {Black must now prevent Bxc5.} Qe7 17. Rd2 Be5 18. Rcd1 $146 ({Predecessor:} 18. Bf1 f5 19. exf5 Rxf5 20. Ne2 Bxf3 21. gxf3 Rxf3 22. Bd4 Qg5+ {½-½ (31) Sadhwani,R (2409)-Malinovsky,K (2472) Pardubice 2018}) 18... f5 19. exf5 Rxf5 {Threatens to win with ...Qh4.} 20. Ne4 $2 {[%mdl 8192]} (20. Bd3 $15 Nxd3 21. Qxd3) 20... Nxe4 $19 21. fxe4 {[#]} Qh4 $1 {[%csl LRe4,LRh2][%mdl 512] Accuracy: White = 28%, Black = 77%.} 0-1

[Event "O2C Doeberl Cup 2019"]
[Site "Canberra"]
[Date "2019.04.19"]
[Round "4.7"]
[White "Allison, Brian C"]
[Black "McClymont, Brodie"]
[Result "*"]
[WhiteElo "1709"]
[BlackElo "2360"]
[Annotator "TA"]
[PlyCount "32"]
[EventDate "2019.04.17"]
[EventType "swiss"]
[EventCountry "AUS"]
[SourceTitle "playchess.com"]
[Source "ChessBase"]
[SourceQuality "1"]

{[%evp 15,32,6,15,-22,0,-8,-16,1,0,-99,-104,-220,-253,-243,-223,-245,-226,-248,-110]} 1. e3 Nf6 2. d4 g6 3. Nf3 Bg7 4. g3 O-O 5. Bg2 d6 6. O-O Nbd7 7. c4 e5 8. Nc3 Re8 9. Qb3 {E67: King's Indian: Fianchetto: 6...Nbd7} (9. b4 exd4 10. exd4 Nb6 11. Qb3 a5 12. bxa5 Rxa5 13. Be3 d5 14. c5 Nc4 15. Bg5 c6 16. Nd2 h6 17. Bxf6 Bxf6 18. Nxc4 dxc4 {0-1 (54) Nguyen,N (2625)-Mamedyarov,S (2753) Khanty-Mansiysk 2013}) 9... c6 10. a4 a5 11. Rd1 $1 {The position is equal.} h6 $146 ({Predecessor:} 11... Qc7 12. Bd2 Nf8 13. h3 h6 14. Kh2 e4 15. Ng1 h5 16. Qc2 Bf5 17. Rac1 {0-1 (45) Pirker,G (2136)-Karner,C (2345) Vienna 2010}) 12. c5 {[#]} (12. Nd2 $11 {remains equal.}) 12... e4 $1 $17 {[%cal Re4f3]} 13. cxd6 (13. Nd2 $17 d5 14. Qc2) 13... exf3 $19 14. Bxf3 {[#]} Nb6 $1 {Black is clearly better.} 15. e4 Be6 16. Qc2 Rc8 (16... Qxd6 $19 {has better winning chances.} 17. e5 Qb4 18. exf6 Bb3 {[%mdl 64] Skewer}) *

[Event "O2C Doeberl Cup 2019"]
[Site "Canberra"]
[Date "2019.04.19"]
[Round "4.8"]
[White "Xie, George Wendi"]
[Black "Yang, Ray"]
[Result "1-0"]
[WhiteElo "2359"]
[BlackElo "2112"]
[Annotator "TA"]
[PlyCount "109"]
[EventDate "2019.04.17"]
[EventType "swiss"]
[EventCountry "AUS"]
[SourceTitle "playchess.com"]
[Source "ChessBase"]
[SourceQuality "1"]

{[%evp 10,109,31,0,12,0,79,79,72,89,90,67,80,64,119,110,111,113,135,133,138,135,134,137,136,111,114,116,129,67,97,67,59,25,97,37,35,44,41,42,58,48,67,66,66,0,61,40,63,61,63,48,156,96,156,156,449,228,249,248,253,269,387,380,1234,1210,1041,682,690,652,1237,1241,1732,1694,1348,525,517,506,1193,654,610,644,616,610,575,547,791,756,980,956,1050,1019,1226,1152,1722,1668,2761,1142,2543,2372,29988,29989]} 1. Nf3 $146 ({Predecessor:} 1. d4 d5 2. c4 c6 3. Nc3 Nf6 4. e3 a6 5. Nf3 {1-0 (7) Riazantsev,A (2700)-Gunina,V (2506) Moscow 2013}) 1... d5 2. e3 Nf6 3. c4 c6 4. Nc3 e6 5. d4 a6 6. Ne5 Nbd7 {D45: Semi-Slav: 5 e3} 7. f4 Bd6 (7... c5 $11) 8. c5 $16 Be7 {White is better.} 9. Bd3 Qc7 10. b4 {[%cal Bb2b4,Bb4c5][%mdl 32]} b6 11. Bd2 bxc5 (11... O-O $14) 12. bxc5 a5 13. Qe2 Nb8 14. Rb1 Nfd7 15. Na4 Nxe5 16. fxe5 (16. dxe5 $6 Nd7 $11) 16... Ba6 17. O-O {aiming for Rxb8+!} Bxd3 18. Qxd3 Nd7 19. Nb6 (19. e4 $16) 19... Nxb6 $14 20. Rxb6 O-O 21. Qb1 Bd8 {[#]} (21... Bg5 $11) 22. Rb7 (22. e4 $1 $16) 22... Qc8 23. a4 Bc7 24. Qb2 h6 25. Bc3 Rd8 26. Rb1 Rd7 27. Qe2 (27. Be1 $14) 27... Bd8 (27... f6 $1 $11) 28. R7b3 Rda7 29. e4 Qd7 30. Bd2 Qe7 (30... Be7 $14) 31. Qg4 ({Better is} 31. Rg3) 31... Kh7 (31... dxe4 $142 32. Qxe4 Qh4) 32. Rg3 $16 {[%csl Gg3][%cal Rg4g7] [#]} g6 $2 (32... Qf8 $16 {might work better.} 33. exd5 exd5 34. Qf5+ Kh8) 33. exd5 $40 {[%mdl 128] White wants a kill.} (33. Rh3 $142 Kg8 34. Rxh6) 33... exd5 $18 34. Qf4 Qf8 35. Rh3 h5 (35... Kg8 $142 36. Qg4 (36. Qxh6 Qxh6 37. Rxh6 Be7 $18) 36... g5) 36. g4 h4 $2 (36... Kh8 37. gxh5 g5) 37. g5 Kg8 38. Qxh4 {[%csl Gh3][%cal Rh4h8]} Qg7 39. Qf4 Rd7 40. Rbb3 Raa7 41. Rb8 Rab7 42. Rb3 (42. Rc8 $142) 42... Rxb3 43. Rxb3 Qh7 (43... Bc7 $142 44. Qg4 Rd8) 44. Qg4 Qh5 45. Qxh5 ({Less strong is} 45. Qxd7 Qd1+ 46. Kg2 Qxd2+ 47. Kh3 Qd1 $16) 45... gxh5 {[%mdl 4096] Endgame KRB-KRB} 46. Rb8 Kg7 47. Kf2 h4 48. Kf3 Kg6 49. Kg4 h3 50. Rb3 Ra7 51. Bf4 Bc7 52. Rxh3 Rb7 53. Rh6+ Kg7 54. Rxc6 Bb8 55. Rb6 {Accuracy: White = 52%, Black = 33%.} 1-0

[Event "O2C Doeberl Cup 2019"]
[Site "Canberra"]
[Date "2019.04.20"]
[Round "5"]
[White "Melkumyan, Hrant"]
[Black "Xie, George Wendi"]
[Result "1-0"]
[WhiteElo "2658"]
[BlackElo "2359"]
[Annotator "TA"]
[PlyCount "73"]
[EventDate "2019.04.17"]
[EventType "swiss"]
[EventCountry "AUS"]
[SourceTitle "playchess.com"]
[Source "ChessBase"]
[SourceQuality "1"]

{[%evp 20,73,25,30,23,36,29,37,33,18,85,20,20,13,7,14,26,20,8,-26,0,-14,-12,-9,35,27,40,33,31,27,42,32,29,29,50,49,57,42,52,-16,66,39,122,109,114,96,208,204,198,209,195,208,664,653,753,753]} 1. d4 e6 2. c4 Nf6 3. Nf3 c5 4. g3 cxd4 5. Nxd4 Nc6 6. Bg2 Bc5 7. Nb3 Be7 8. O-O b6 9. Nc3 Ba6 10. Nb5 O-O 11. Bf4 d5 {A33: Symmetrical English: 2 Nf3 Nf6 3 d4 cxd4 4 Nxd4 e6 5 Nc3 Nc6} (11... Rc8 12. Nd6 Rc7 13. Rc1 Nh5 14. Be3 Nf6 15. Bf4 Nh5 16. Be3 Nf6 17. Bf4 {½-½ (17) Gelfand,B (2695)-Mamedyarov,S (2809) Moscow 2018}) 12. Nc7 Bxc4 13. Nxa8 Qxa8 {White is slightly better.} 14. Rc1 h6 {[#]} (14... e5 $11 {remains equal.}) 15. Re1 $146 (15. Nd4 $1 $16 {Rxc4! is the strong threat.} Rc8 16. Bf3) ({Predecessor:} 15. Nd4 Nxd4 16. Rxc4 Nc6 17. Rc1 Rd8 18. Qa4 Bc5 19. Be3 {0-1 (35) Vorisek,J (2230)-Orsag,M (2365) Czechia 1998}) 15... e5 $11 16. Bd2 Rd8 17. e3 e4 18. Nd4 {Threatens to win with Nxc6.} Ne5 $1 19. Bc3 Nd3 {[%mdl 64] Double Attack} 20. Nf5 Qb7 21. b3 Nxe1 22. Qxe1 Bd3 23. Be5 $36 {[%mdl 2048] White has the initiative.} Ne8 24. Nxg7 $1 Nxg7 25. Rc7 Qa6 26. Rxe7 {And now Bxg7 would win.} Qa3 27. Rc7 Ne6 28. Rc1 Qxa2 29. b4 (29. Bf6 $14 Ra8 30. Qc3) 29... Ra8 (29... Qe2 $11) 30. h4 a5 (30... Qe2 $1 $14) 31. bxa5 $16 bxa5 32. Bh3 Qe2 {[#]} (32... Qb3 $16) 33. Qc3 $1 $18 {Strongly threatening Bxe6.} Bc4 34. Bh8 {Bxe6 would kill now.} d4 35. Bxd4 ({Inferior is} 35. Qxc4 Qxc4 36. Rxc4 Kxh8 $15) 35... Rc8 $2 (35... Nxd4 36. Qxd4 (36. Qxc4 $2 Nf3+ 37. Kg2 Qxc4 $19) 36... Bb3) 36. Bf1 Nxd4 37. Qxd4 {Accuracy: White = 66%, Black = 35%.} 1-0

[Event "O2C Doeberl Cup 2019"]
[Site "Canberra"]
[Date "2019.04.20"]
[Round "5"]
[White "Sengupta, Deep"]
[Black "Johansen, Darryl K"]
[Result "1/2-1/2"]
[WhiteElo "2551"]
[BlackElo "2364"]
[Annotator "TA"]
[PlyCount "96"]
[EventDate "2019.04.17"]
[EventType "swiss"]
[EventCountry "AUS"]
[SourceTitle "playchess.com"]
[Source "ChessBase"]
[SourceQuality "1"]

{[%evp 11,96,43,35,33,29,33,79,74,69,66,89,79,100,103,117,113,117,82,95,80,81,53,63,52,71,0,0,0,0,0,0,0,88,102,156,143,162,124,124,106,125,102,121,119,102,0,111,99,109,85,120,105,106,96,118,105,153,102,123,139,109,121,118,95,110,89,87,96,127,72,96,0,0,-63,-56,-53,-60,-54,-58,-76,-45,-66,0,-36,0,-16,0]} 1. e4 c5 2. Nf3 e6 3. d4 cxd4 4. Nxd4 Nc6 5. Nc3 d6 6. Be3 Nf6 7. Qe2 {B80: Sicilian Scheveningen: 6 g3 and 6 Be3, including English Attack} (7. f3 Be7 8. Qd2 O-O 9. O-O-O d5 10. Be2 dxe4 11. Nxc6 bxc6 12. Qxd8 Bxd8 13. Nxe4 Nxe4 14. fxe4 Bb6 15. Bxb6 axb6 16. a3 Ba6 17. Bxa6 Rxa6 18. Rd6 {1-0 (78) Saric,I (2689)-Korobov,A (2685) Biograd 2018}) 7... e5 8. Nb3 Be7 9. O-O-O {White is better.} O-O 10. f3 a5 11. Nc5 $146 ({Predecessor:} 11. a4 Be6 12. Nc5 dxc5 13. Rxd8 Rfxd8 14. Qf2 Nd4 {1-0 (76) Perez,M (2418)-Valerga,D (2411) Buenos Aires 2019}) 11... b6 12. N5a4 $1 Rb8 13. Qf2 Be6 14. Kb1 {[%cal Re3b6]} Qc8 15. Nxb6 Qb7 16. b3 Nd4 17. Nba4 d5 {[%cal Rd5e4]} 18. exd5 (18. Bxd4 $16 exd4 19. Rxd4 (19. Qxd4 dxe4 20. Be2 exf3 $11)) 18... Nxd5 $11 {[%cal Rd4b3]} 19. Nxd5 Bxd5 20. Bxd4 exd4 21. Rxd4 Bc6 (21... Bf6 $11) 22. Bd3 $16 g6 (22... Rfe8 $142) 23. Be4 $1 Bf6 24. Rc4 Bxe4 25. Rxe4 Rfd8 26. Qe2 Qd5 27. Nb2 Qc5 {Threatens to win with ...Qc3.} 28. Na4 (28. Qe3 $16 Bd4 29. Qc1) 28... Qd6 (28... Qd5 $11 {remains equal.}) 29. c3 Rbc8 30. Qc2 Kg7 31. g3 Rc7 32. Rhe1 Qd5 33. c4 Qb7 34. c5 (34. Rd1 $142) 34... Qc6 35. Rd1 $1 Rxd1+ 36. Qxd1 Rd7 37. Qc2 Rd5 38. Re1 Rd4 {[#]} 39. f4 $1 Qd5 {[#]} 40. Nb6 (40. Kc1 $142 $1 {aiming for c6.} Qc6 41. Nb2) 40... Qc6 41. Rc1 (41. Kc1 $16) 41... a4 $1 $11 42. Qe2 ({White should play} 42. Nxa4 $11 Rxa4 43. bxa4 Qb7+ 44. Qb3 Qe4+ 45. Rc2 Qh1+ 46. Rc1 Qe4+ 47. Qc2 Qb7+ 48. Qb3 Qe4+) 42... axb3 $15 43. axb3 Rb4 $1 {[%cal Rb4b3]} 44. Qd3 ({Don't blunder} 44. Qc2 $2 Qf3 $19) 44... Qg2 {[%csl Gf6][%cal Rg2b2][%mdl 1024] Black has compensation.} 45. Rc2 $1 {[%cal Rc2g2]} ({Don't go for} 45. Qc2 $2 Qf3 $19) 45... Qh1+ 46. Rc1 Qg2 {[%csl Gf6][%cal Rg2b2]} 47. Rc2 $1 {[%cal Rc2g2]} ({But not} 47. Qc2 $2 Qf3 $19) 47... Qh1+ 48. Rc1 Qg2 {Accuracy: White = 59%, Black = 54%.} 1/2-1/2

[Event "O2C Doeberl Cup 2019"]
[Site "Canberra"]
[Date "2019.04.20"]
[Round "5"]
[White "Padmini, Rout"]
[Black "Bjelobrk, Igor"]
[Result "0-1"]
[WhiteElo "2364"]
[BlackElo "2386"]
[Annotator "TA"]
[PlyCount "108"]
[EventDate "2019.04.17"]
[EventType "swiss"]
[EventCountry "AUS"]
[SourceTitle "playchess.com"]
[Source "ChessBase"]
[SourceQuality "1"]

{[%evp 9,108,-1,2,0,2,2,12,-13,-15,-30,0,-6,-4,-10,-2,-72,-68,-67,-56,-60,-63,-68,-67,-59,-53,-92,-94,-110,-113,-110,-95,-95,-45,-60,-39,-47,-28,-42,-10,-19,-22,-14,0,-60,0,-49,-27,-41,0,-91,0,-72,0,-85,-84,-159,-148,-162,-83,-114,-86,-71,0,-161,-152,-151,-157,-149,-129,-142,-125,-122,-103,-183,-183,-183,-183,-183,-183,-188,-149,-230,-190,-324,-312,-312,-327,-447,-314,-307,-317,-314,-306,-278,-267,-322,-322,-319,-311,-289,-270]} 1. Nf3 Nf6 2. g3 b5 3. e3 (3. d4 e6 4. Bg5 c5 5. d5 Qa5+ 6. Bd2 Qb6 7. dxe6 fxe6 8. a4 b4 9. a5 Qd8 10. Bg2 Nc6 11. Ne5 Nxe5 12. Bxa8 {½-½ (32) Ding,L (2813)-Carlsen,M (2835) Wijk aan Zee 2019}) 3... a6 4. Bg2 Bb7 5. d4 e6 6. a4 {A05: Réti Opening: 1 Nf3 Nf6} Be7 7. O-O O-O $146 ({Predecessor:} 7... b4 8. c4 bxc3 9. Nxc3 O-O 10. Qe2 a5 11. Rd1 Na6 {1-0 (46) Lodhi,M (2316)-Vokhidov,S (2382) Tashkent 2016}) 8. Nbd2 {The position is equal.} c5 9. Qe2 Qb6 10. dxc5 Qxc5 11. Nb3 Qb6 12. a5 (12. Bd2 $11) 12... Qc7 $17 13. c3 d6 14. Nfd2 Nbd7 15. e4 Rac8 16. Re1 Rfe8 17. g4 {g5 is the strong threat.} h6 18. Nd4 Ne5 19. h3 g5 20. Nf1 Qc4 21. f4 $1 {[%cal Rf4e5]} gxf4 22. Bxf4 Qxe2 23. Rxe2 Kg7 24. Ng3 Rc4 25. Rf1 Nfd7 26. Bd2 (26. Nh5+ $11 Kh7 27. Nf3) 26... Ba8 (26... Bg5 $15) 27. Ref2 Kg6 28. Nde2 Bg5 29. Nf4+ (29. Bxg5 $11 hxg5 30. Rd1) 29... Kh7 (29... Kg7 $1 $17) 30. Nfh5 (30. Nd3 $11 {remains equal.} Rd8 31. Bxg5 hxg5 32. Nb4) 30... Kg6 (30... Kg8 $17) 31. Nf4+ (31. Bxg5 $11 hxg5 32. Rd1) 31... Kg7 $1 32. Nfh5+ {[#]} (32. Be3 $142) 32... Kf8 $1 33. Nf4 Rc7 (33... Nc5 $19 34. Be3 Ncd3) 34. Kh2 Nc5 35. Be3 Ncd3 (35... Nc4 $17 36. Bxc5 dxc5) 36. Re2 $2 (36. Bb6 $1 $11 {and White has nothing to worry.} Rd7 37. Nxd3 Nxd3 38. Rc2) 36... Nxf4 $19 37. Bxf4 Bxf4 38. Rxf4 {[#]} Ke7 $1 39. Ref2 {[#]} b4 $1 {[%mdl 512]} 40. cxb4 Rb8 41. Bf1 (41. Rf6 $17) 41... Rxb4 42. Bxa6 Ra7 43. Bf1 Rxa5 44. Rf6 Bxe4 45. Rxh6 (45. Nxe4 $17 {was worth a try.} Rxe4 46. Kg2) 45... Bd5 46. Bg2 {[#]} (46. Rhf6 $142) 46... Rxg4 $1 {[%mdl 512]} 47. Bxd5 (47. hxg4 Nxg4+) 47... Rxd5 48. Rh8 Rb4 49. Ra8 {Black has a decisive advantage.} Rb7 50. Ne4 {Black must now prevent Nf6.} Rdb5 51. Nf6 {[%csl Gf6][%cal Ra8e8]} Rb8 52. Ng8+ Kf8 53. Rxb8+ Rxb8 54. Nf6 Ke7 {Accuracy: White = 39%, Black = 54%.} 0-1